Besoins et moyens de l'Europe : Tendances et perspectives de dix-huit pays (Record no. 38565)
[ view plain ]
| 000 -LEADER | |
|---|---|
| fixed length control field | 00778 a2200289 4500 |
| 037 ## - SOURCE OF ACQUISITION | |
| Source of stock number/acquisition | 1, Achat |
| 037 ## - SOURCE OF ACQUISITION | |
| Stock number | DE 5064 |
| 100 ## - VEDETTE PRINCIPALE - NOM DE PERSONNE | |
| Personal name | Dewhurst, J. Frederic |
| 100 ## - VEDETTE PRINCIPALE - NOM DE PERSONNE | |
| Language of a work | fr |
| 260 ## - PUBLICATION, DISTRIBUTION, ETC. (IMPRINT) | |
| Place of publication, distribution, etc | Paris |
| 260 ## - PUBLICATION, DISTRIBUTION, ETC. (IMPRINT) | |
| Name of publisher, distributor, etc | Berger-Levrault |
| 245 ## - TITLE STATEMENT | |
| Title | Besoins et moyens de l'Europe : Tendances et perspectives de dix-huit pays |
| 260 ## - PUBLICATION, DISTRIBUTION, ETC. (IMPRINT) | |
| Date of publication, distribution, etc | 1962 |
| 300 ## - PHYSICAL DESCRIPTION | |
| Extent | 661 p. |
| 300 ## - PHYSICAL DESCRIPTION | |
| Other physical details | 27 cm |
| 630 ## - SUBJECT ADDED ENTRY--UNIFORM TITLE | |
| Uniform title | 33 - Economie. Economie politique |
| 650 ## - SUBJECT ADDED ENTRY--TOPICAL TERM | |
| Topical term or geographic name as entry element | 3 - SCIENCES SOCIALES |
| 650 ## - SUBJECT ADDED ENTRY--TOPICAL TERM | |
| Topical term or geographic name as entry element | Europe : économie |
| 650 ## - SUBJECT ADDED ENTRY--TOPICAL TERM | |
| Topical term or geographic name as entry element | moyens économiques |
| 650 ## - SUBJECT ADDED ENTRY--TOPICAL TERM | |
| Topical term or geographic name as entry element | besoins économiques |
| 650 ## - SUBJECT ADDED ENTRY--TOPICAL TERM | |
| Topical term or geographic name as entry element | perspectives économiques européennes |
| 700 ## - ADDED ENTRY--PERSONAL NAME | |
| Personal name | Trad., Verhulst, Michel |
| 700 ## - ADDED ENTRY--PERSONAL NAME | |
| Personal name | Trad., Lavault, Jean |
| 700 ## - ADDED ENTRY--PERSONAL NAME | |
| Personal name | Trad., Faiverley, Gabriel |
| Withdrawn status | Lost status | Damaged status | Not for loan | Location (home branch) | Sublocation or collection (holding branch) | Date acquired | Koha issues (times borrowed) | Koha full call number | Koha date last seen | Price effective from | Koha item type |
|---|---|---|---|---|---|---|---|---|---|---|---|
| Bibliothèque Universitaire Centrale | Bibliothèque Universitaire Centrale | 28/02/2009 | 330.16 BES | 28/02/2009 | 28/02/2009 | Livre |